000 00277nam a22001337a 4500
008 190225b xxu||||| |||| 00| 0 eng d
020 _a2616456
041 _aeng
080 _a531
100 _a43
101 _aFIZ
245 _aCollege Physics
_cSemat, H
942 _2udc
_cBK
999 _c54236
_d54236